|
|
|
|
| LEADER |
00000cam a22000004a 4500 |
| 001 |
musev2_71499 |
| 003 |
MdBmJHUP |
| 005 |
20230905051351.0 |
| 006 |
m o d |
| 007 |
cr||||||||nn|n |
| 008 |
190826s2019 quc o 00 0 fre d |
| 020 |
|
|
|a 9782763742670
|
| 020 |
|
|
|z 9782763742663
|
| 035 |
|
|
|a (OCoLC)1192965962
|
| 040 |
|
|
|a MdBmJHUP
|c MdBmJHUP
|
| 041 |
|
|
|a fre
|a eng
|
| 245 |
1 |
3 |
|a La rencontre des systèmes juridiques autochtones et étatiques : confrontation ou coopération ? The Intersection of Indigenous Laws and State Law: Confrontation or Cooperation ? /
|c sous la direction de Ghislain Otis.
|
| 264 |
|
1 |
|a Quebec
|b Presses de l'Universite Laval
|c [2019]
|
| 264 |
|
3 |
|a Baltimore, Md. :
|b Project MUSE,
|c 2021
|
| 264 |
|
4 |
|c ©[2019]
|
| 300 |
|
|
|a 1 online resource (472 pages).
|
| 336 |
|
|
|a text
|b txt
|2 rdacontent
|
| 337 |
|
|
|a computer
|b c
|2 rdamedia
|
| 338 |
|
|
|a online resource
|b cr
|2 rdacarrier
|
| 546 |
|
|
|a Beiträge teilweise in Französisch, teilweise in Englisch.
|
| 588 |
|
|
|a Description based on print version record.
|
| 650 |
|
7 |
|a Legal polycentricity
|2 fast
|0 (OCoLC)fst00995519
|
| 650 |
|
7 |
|a Indigenous peoples
|x Legal status, laws, etc.
|2 fast
|0 (OCoLC)fst00970247
|
| 650 |
|
7 |
|a Ethnological jurisprudence
|2 fast
|0 (OCoLC)fst00916094
|
| 650 |
|
7 |
|a Customary law
|2 fast
|0 (OCoLC)fst00885510
|
| 650 |
|
0 |
|a Ethnological jurisprudence
|z Canada.
|
| 650 |
|
0 |
|a Legal polycentricity
|z Canada.
|
| 650 |
|
0 |
|a Indigenous peoples
|x Legal status, laws, etc.
|z Canada.
|
| 650 |
|
0 |
|a Customary law.
|
| 650 |
|
0 |
|a Ethnological jurisprudence.
|
| 650 |
|
0 |
|a Legal polycentricity.
|
| 650 |
|
0 |
|a Indigenous peoples
|x Legal status, laws, etc.
|
| 651 |
|
7 |
|a Canada
|2 fast
|0 (OCoLC)fst01204310
|
| 655 |
|
7 |
|a Aufsatzsammlung.
|0 (DE-588)4143413-4
|0 (DE-627)105605727
|0 (DE-576)209726091
|2 gnd-content
|
| 655 |
|
7 |
|a Electronic books.
|2 local
|
| 700 |
1 |
|
|a Otis, Ghislain
|e HerausgeberIn.
|4 edt
|
| 710 |
2 |
|
|a Project Muse.
|e distributor
|
| 830 |
|
0 |
|a Book collections on Project MUSE.
|
| 856 |
4 |
0 |
|z Texto completo
|u https://projectmuse.uam.elogim.com/book/71499/
|
| 945 |
|
|
|a Project MUSE - Custom Collection
|
| 945 |
|
|
|a Project MUSE - 2019 Complete Supplement
|
| 945 |
|
|
|a Project MUSE - 2019 Political Science and Policy Studies Supplement
|
| 945 |
|
|
|a Project MUSE - 2019 Native American and Indigenous Studies Supplement
|